Подробности
| 000 -МАРКЕР |
| контрольное поле |
03318njm0a2200421 4500 |
| 001 - ИДЕНТИФИКАТОР ЗАПИСИ |
| контрольное поле |
RU\NLR\ONIZ\305051 |
| 005 - ИДЕНТИФИКАТОР ВЕРСИИ |
| контрольное поле |
20250708194449.0 |
| 035 ## - ДРУГИЕ СИСТЕМНЫЕ НОМЕРА |
| Идентификатор записи |
(NLR Aleph) 022416545 |
| 071 00 - ИЗДАТЕЛЬСКИЙ НОМЕР |
| Номер, присвоенный агентством |
С10-06527-8 |
| 100 ## - ДАННЫЕ ОБЩЕЙ ОБРАБОТКИ |
| Данные общей обработки |
20241105f19731980|||y0rusy50 ca |
| 102 ## - СТРАНА ПУБЛИКАЦИИ ИЛИ ПРОИЗВОДСТВА |
| Страна публикации |
российская федерация |
| 126 ## - ПОЛЕ КОДИРОВАННЫХ ДАННЫХ: ЗВУКОЗАПИСИ - ФИЗИЧЕСКИЕ ХАРАКТЕРИСТИКИ |
| Кодированные данные звукозаписи (общие) |
abbxexu ux |
| Кодированные данные звукозаписи (уточнения) |
xxx |
| 127 ## - ПОЛЕ КОДИРОВАННЫХ ДАННЫХ: ПРОДОЛЖИТЕЛЬНОСТЬ ЗВУКОЗАПИСЕЙ И НОТНЫХ ИЗДАНИЙ (МУЗЫКАЛЬНОЕ ИСПОЛНЕНИЕ) |
| Продолжительность |
004700 |
| 200 1# - ЗАГЛАВИЕ И СВЕДЕНИЯ ОБ ОТВЕТСТВЕННОСТИ |
| Основное заглавие |
Соната для виолы да гамба и клавесина |
| Общее обозначение материала |
Звукозапись |
| Сведения, относящиеся к заглавию |
До мажор |
| Основное заглавие |
Соната для виолы да гамба и клавесина |
| Сведения, относящиеся к заглавию |
соль минор |
| Первые сведения об ответственности |
Г. Ф. Гендель |
| 203 ## - ВИД СОДЕРЖАНИЯ И ТИП СРЕДСТВА |
| Вид содержания |
Музыка |
| Дополнительные сведения об издании |
исполнительская |
| Тип средства |
аудио |
| 210 ## - ПУБЛИКАЦИЯ, РАСПРОСТРАНЕНИЕ И ДР. |
| Место издания, распространения и т.д. |
Москва |
| Имя издателя, распространителя и т. д. |
Мелодия |
| Имя изготовителя |
ВСГ |
| Место изготовления |
Москва |
| Дата издания, распространения и т.д. |
[19--] |
| 215 ## - ФИЗИЧЕСКАЯ ХАРАКТЕРИСТИКА |
| Специфическое обозначение материала и объем |
1 грп. [ГОСТ 5289-73] (47 мин) : 33 об/мин, стерео |
| Размеры |
30 см, в конв. |
| 300 ## - ОБЩИЕ ПРИМЕЧАНИЯ |
| Текст примечания |
Коммент. на конв. |
| 423 #0 - ИЗДАЕТСЯ В ОДНОЙ ОБЛОЖКЕ ВМЕСТЕ С ... |
| Встроенное поле |
2001#$aСоната для виолончели и фортепиано$eсоч. 1948 г.$fП. Хиндемит$g[все произведения] исполняют: Алла Васильева, [виола да гамба, виолончель], Михаил Мунтян, [клавесин, фортепиано] |
| -- |
6061#$aСонаты для виолончели и фортепиано$yГермания$z19-20 вв.$jЗвукозапись$2nlr_sh$7ca |
| -- |
6890#$aЩ952.142.9-041(4Г) |
| -- |
700#1$9z01790$aХиндемит$bП.$gПауль$f1895-1963$4230$7ca |
| -- |
702#1$9z02790$aВасильева$bА. Е.$gАлла Евгеньевна$cвиолончель$f1933-2018$4545$4svc$7ca |
| -- |
702#1$9z03790$aМунтян$bМ. В.$gМихаил Владимирович$cфортепиано, клавесин$f1935-2024$4545$4kfp$7ca |
| -- |
790#1$9z01700$aHindemith$bP.$gPaul$f1895-1963$4230$7ba |
| -- |
790#1$9z02702$aVasil`eva$bA. E.$gAlla Evgen`evna$ccello$f1933-2018$4545$4svc$7ba |
| -- |
790#1$9z03702$aMuntjan$bM.$gMichail$cpiano$f1935-2024$4545$4kfp$7ba |
| Заглавие |
Соната для виолончели и фортепиано |
| Автор |
Хиндемит, Пауль (1895-1963) |
| 606 1# - НАИМЕНОВАНИЕ ТЕМЫ КАК ПРЕДМЕТ |
| Наименование темы |
Сонаты для виолы да гамба и клавесина |
| Географический подзаголовок |
Германия |
| Хронологический подзаголовок |
17-18 вв. |
| Формальный подзаголовок |
Звукозапись |
| Код системы |
nlr_sh |
| -- |
ca |
| 606 1# - НАИМЕНОВАНИЕ ТЕМЫ КАК ПРЕДМЕТ |
| Наименование темы |
Виолончелисты советские российские |
| Хронологический подзаголовок |
20-21 вв. |
| Формальный подзаголовок |
Звукозапись |
| Код системы |
nlr_sh |
| 606 1# - НАИМЕНОВАНИЕ ТЕМЫ КАК ПРЕДМЕТ |
| Наименование темы |
Пианисты советские российские |
| Хронологический подзаголовок |
20-21 вв. |
| Формальный подзаголовок |
Звукозапись |
| Код системы |
nlr_sh |
| 686 0# - ИНДЕКСЫ ДРУГИХ КЛАССИФИКАЦИЙ |
| Индекс |
Щ952.141.9-041(4Г)я44 |
| 700 #1 - ИМЯ ЛИЦА - ПЕРВИЧНАЯ ОТВЕТСТВЕННОСТЬ |
| Системный номер авторитетной/нормативной записи |
z01790 |
| Начальный элемент ввода |
Гендель |
| Часть имени, кроме начального элемента ввода |
Г. Ф. |
| Даты |
1685-1759 |
| Расширение инициалов личного имени |
Георг Фридрих |
| Код отношения |
Композитор |
| Графика поля |
Кириллица |
| 702 #1 - ИМЯ ЛИЦА - ВТОРИЧНАЯ ОТВЕТСТВЕННОСТЬ |
| Системный номер авторитетной/нормативной записи |
z08790 |
| Начальный элемент ввода |
Васильева |
| Часть имени, кроме начального элемента ввода |
А. Е. |
| Дополнения к именам, кроме дат |
виолончель |
| Даты |
1933-2018 |
| Расширение инициалов личного имени |
Алла Евгеньевна |
| Код отношения |
Музыкант |
| -- |
|
| Графика поля |
Кириллица |
| 702 #1 - ИМЯ ЛИЦА - ВТОРИЧНАЯ ОТВЕТСТВЕННОСТЬ |
| Системный номер авторитетной/нормативной записи |
z09790 |
| Начальный элемент ввода |
Мунтян |
| Часть имени, кроме начального элемента ввода |
М. В. |
| Дополнения к именам, кроме дат |
фортепиано, клавесин |
| Даты |
1935-2024 |
| Расширение инициалов личного имени |
Михаил Владимирович |
| Код отношения |
Музыкант |
| -- |
|
| Графика поля |
Кириллица |
| 790 #1 - ИМЯ ЛИЦА - АЛЬТЕРНАТИВНАЯ ФОРМА |
| Системный номер авторитетной/нормативной записи |
z01700 |
| Начальный элемент ввода |
Handel |
| Часть имени, кроме начального элемента ввода |
G. F. |
| Даты |
1685-1759 |
| Расширение инициалов личного имени |
Georg Friedrich |
| Код отношения |
Композитор |
| Графика поля |
Латинская |
| 790 #1 - ИМЯ ЛИЦА - АЛЬТЕРНАТИВНАЯ ФОРМА |
| Системный номер авторитетной/нормативной записи |
z08702 |
| Начальный элемент ввода |
Vasil`eva |
| Часть имени, кроме начального элемента ввода |
A. E. |
| Дополнения к именам, кроме дат |
cello |
| Даты |
1933-2018 |
| Расширение инициалов личного имени |
Alla Evgen`evna |
| Код отношения |
Музыкант |
| -- |
|
| Графика поля |
Латинская |
| 790 #1 - ИМЯ ЛИЦА - АЛЬТЕРНАТИВНАЯ ФОРМА |
| Системный номер авторитетной/нормативной записи |
z09702 |
| Начальный элемент ввода |
Muntjan |
| Часть имени, кроме начального элемента ввода |
M. |
| Дополнения к именам, кроме дат |
piano |
| Даты |
1935-2024 |
| Расширение инициалов личного имени |
Michail |
| Код отношения |
Музыкант |
| -- |
|
| Графика поля |
Латинская |
| 801 #0 - ИСТОЧНИК ЗАПИСИ |
| Страна |
российская федерация |
| Организация |
NLR |
| Дата составления |
20241105 |
| Правила каталогизации |
PSBO |
| 801 #1 - ИСТОЧНИК ЗАПИСИ |
| Страна |
российская федерация |
| Организация |
NLR |
| Дата составления |
20241105 |
| Источник данных |
rusmarc |
| 801 #2 - ИСТОЧНИК ЗАПИСИ |
| Страна |
российская федерация |
| Организация |
NLR |
| Дата составления |
20241217 |
| 852 ## - МЕСТОНАХОЖДЕНИЕ И ШИФР ХРАНЕНИЯ |
| Идентификатор организации |
NLR |
| Наименование фонда или коллекции (Sub-Location Identifier) |
Мг |
| Шифр хранения (Call Number) |
3/9667 |
| Страна |
|
| Номер экземпляра |
1 |
| 942 ## - ДОПОЛНИТЕЛЬНЫЕ ЭЛЕМЕНТЫ ЗАПИСИ (АБИС) |
| Тип экземпляра АБИС |
Звукозапись |
| 980 ## - КОЛЛЕКЦИЯ |
| Название коллекции |
Национальная библиография |
| 980 ## - КОЛЛЕКЦИЯ |
| Название коллекции |
Отдел нот и звукозаписей |